LEADER 01147nam a2200265 u 4500 001 000000018442 003 CaOOAMICUS 005 20070226110657.0 008 940516s1964 fr u000 u fre u 035 $a10434454 040 $aPUL$bita 100 1 $aLécuyer, Joseph,$cC.S.Sp.$0(OLS)http://pul/name/9639 245 10$aÉtudes sur la collégialité épiscopale. 260 $aLe Puy ;$aLyon :$bXavier Mappus,$c1964. 300 $a107 p. ;$c19 cm 504 $aBibliografia in nota 650 4$aCollegio episcopale.$0(OLS)http://pul/subject/9520 650 4$aVescovi.$0(OLS)http://pul/subject/210 850 $aPUL 852 $aPUL$W1$xDP1 Fondo Maccarrone$y58$m1505 F 32$j25989$nBK-PRI$b $qFondi$B25989$CPULBib$Z2$F25989 $H $81 852 $aPUL$W1$xDP1 Fondo Bordoni$y120$m3 K 77$j167646$qFondi$B176635$CPULBib$Z2$F176635 $HBor2149 $81 941 1 $a1 961 $aINV: 01631 -- Fondo Mons. M. Maccarrone 996 $6245$aÉtudes sur la collégialité épiscopale$9(OLS)http://pul/title/26283 996 $6260$aLe Puy ;$aLyon :$bXavier Mappus$9(OLS)http://pul/publisher/55724 LEADER 01458nam a2200313 u 4500 001 000000053519 003 CaOOAMICUS 005 20070226115553.0 008 001116s2000 it u000 u ita u 035 $a10861500 040 $aPUL$bita 100 1 $aBakó, Maria Hajnalka.$0(OLS)http://pul/name/38088 245 13$aLa diakonia di carità dei malati nella famiglia laica camilliana /$cMaria Hajnalka Bakó. 260 $aRomae :$b[s.n.],$c2000. 300 $axvii, 120 p. ;$c28 cm 500 $aIn testa al front.: Pontificia Facultas Theologica Teresianum, Institutum Internationale Theologiae Pastoralis Sanitariae Camillianum. 500 $a"Pars dissertationis ad lauream". 504 $a"Bibliografia": p. [95]-120. 600 04$aCamillus de Lellis,$cs.,$d1550-1614.$0(OLS)http://pul/subject/4145 610 24$aChierici regolari ministri degli infermi.$0(OLS)http://pul/subject/4146 850 $aPUL 852 $aPUL$W1$xDP1 Tesi Pon. Fac. Teresianum$y48$mTH TER 193$j70601$nBK-PRI$b $qTesi$B70601$CPULBib$Z2$F70601 $H $81 941 1 $a16 960 $aCamillo de Lellis,$cs.,$d1550-1614? $94145 960 $aDe Lellis, Camillo,$cM.I.,$d1550-1614? $94145 960 $aOrdine di s. Camillo$94146 961 $aINV: 82759 996 $6245$aLa diakonia di carità dei malati nella famiglia laica camilliana$9(OLS)http://pul/title/71791 996 $6260$aRomae :$b[s.n.]$9(OLS)http://pul/publisher/48223